| 000 | 01056nam a22002055i 4500 | ||
|---|---|---|---|
| 001 | 164455 | ||
| 003 | ES-MaACL | ||
| 005 | 20230906212936.0 | ||
| 008 | 010802s1899 sp ae |||| | spa d | ||
| 100 | 1 |
_aSalinas y Angulo, Ignacio. _9101954 |
|
| 245 | 1 | 0 |
_aDefensa del general Jáudenes _b: leída el 29 de septiembre de 1899 ante el Consejo Supremo de Guerra y Marina, reunido en Sala de Justicia / _checha por Ignacio Salas y Angulo. |
| 260 |
_aMadrid : _b[s.n.], _c1899 ( _fImp. y Lit. del Depósito de la Guerra) |
||
| 300 |
_a96 p., [3] h. de planos ; _c25 cm. |
||
| 530 | _aDisponible en formato digital. | ||
| 600 | 1 | 4 |
_aJáudenes y Álvarez, Fermín. _9171500 |
| 651 | 4 |
_aFilipinas- _xHistoria- _y1896-1898, Insurrección. _9155351 |
|
| 852 |
_aES-MaACL _jT-925-F-2 _z- Enc. hol., conservando la enc. original _z- Enc. en un vol. facticio |
||
| 852 |
_aES-MaACL _jT-1089-F-4 _z- Enc. hol., conservando la enc. original _z- Enc. en un vol. facticio |
||
| 856 |
_uhttp://bdh-rd.bne.es/viewer.vm?id=0000077785&page=1 _zBiblioteca Digital Hispánica |
||
| 999 |
_c164455 _d164455 |
||